Obabakoak / (Record no. 6814)

MARC details
000 -LEADER
campo de control de longitud fija 00798nam a2200265 i 4500
001 - NÚMERO DE CONTROL
campo de control 6814
003 - IDENTIFICADOR DE NÚMERO DE CONTROL
campo de control ES-MaACL
005 - FECHA Y HORA DE LA ÚLTIMA TRANSACCIÓN
campo de control 20260423180005.0
007 - CAMPO FIJO DE DESCRIPCIÓN FÍSICA--INFORMACIÓN GENERAL
campo de control de longitud fija t|
008 - DATOS DE LONGITUD FIJA--INFORMACIÓN GENERAL
campo de control de longitud fija 900604s1990 sp ||||1| spa d
020 ## - NÚMERO INTERNACIONAL ESTÁNDAR DEL LIBRO
Número Internacional Estándar del Libro 84-406-1121-8
080 ## - NÚMERO DE LA CLASIFICACIÓN DECIMAL UNIVERSAL
Número de la Clasificación Decimal Universal 891.691-34"19"
080 ## - NÚMERO DE LA CLASIFICACIÓN DECIMAL UNIVERSAL
Número de la Clasificación Decimal Universal 891.691(Atxaga,B.7 O.03=6)
100 1# - ENTRADA PRINCIPAL--NOMBRE DE PERSONA
Nombre de persona Atxaga, Bernardo,
Fechas asociadas al nombre 1951-
9 (RLIN) 243020
245 10 - MENCIÓN DEL TÍTULO
Título Obabakoak /
Mención de responsabilidad, etc. Bernardo Atxaga ; prologo de Ibon Sarasola.
250 ## - MENCION DE EDICION
Mención de edición 3a reimp.
260 ## - PUBLICACIÓN, DISTRIBUCIÓN, ETC.
Lugar de publicación, distribución, etc. Barcelona :
Nombre del editor, distribuidor, etc. Ediciones B,
Fecha de publicación, distribución, etc. 1990.
300 ## - DESCRIPCIÓN FÍSICA
Extensión 379 p. ;
Dimensiones 22 cm.
490 1# - MENCIÓN DE SERIE
Mención de serie Tiempos modernos
500 ## - NOTA GENERAL
Nota general Bernardo Atxaga es seud. de Joseba Irazu.
700 1# - ENTRADA AGREGADA--NOMBRE PERSONAL
Nombre de persona Sarasola, Ibon.
9 (RLIN) 103768
830 0# - PUNTO DE ACCESO ADICIONAL DE SERIE-TÍTULO UNIFORME
Título uniforme Tiempos modernos
9 (RLIN) 178583
852 ## - LOCALIZACIÓN
Ubicación ES-MaACL
Número de control de estantería L-14044
Sublocalización o colección R.117965
Nota libre . - rust.
Holdings
Estatus retirado Estado de pérdida Estado de daño No para préstamo Biblioteca de origen Biblioteca actual Ubicación en estantería Fecha de adquisición Fuente de adquisición Total de préstamos Signatura topográfica completa Código de barras Visto por última vez Precio de reemplazo Tipo de ítem Koha
        Biblioteca del Ateneo de Madrid Biblioteca del Ateneo de Madrid Depósito 2 17/01/2008     L-14044 1006949 23/02/2023 23/02/2023 Libro impreso